Crystallography: Deep understanding the mechanism of β-form nucleation in cooling crystallization of L-glutamic acid /

Spremljeno u:
Bibliografski detalji
Glavni autor: Dang Truong Giang.
Daljnji autori: Khuc Chau Quang., Nguyen Anh Tuan., Trinh Thi Thanh Huyen.
Format: Članak
Jezik:Vietnamese
Teme:
Oznake: Dodaj oznaku
Bez oznaka, Budi prvi tko označuje ovaj zapis!
Thư viện lưu trữ: Thư viện Trường Đại học Đà Lạt
LEADER 00969nam a2200325 4500
001 DLU180185281
005 ##20180529
040 # # |a DLU  |b vie 
041 # # |a vie 
044 # # |a vn 
100 # # |a Dang Truong Giang. 
245 # # |a Crystallography: Deep understanding the mechanism of β-form nucleation in cooling crystallization of L-glutamic acid /  |c Dang Truong Giang, ...[et al.]. 
653 # # |a Crystal growth 
653 # # |a Crystallization 
653 # # |a Crystallography 
653 # # |a Nucleation 
653 # # |a Polymorphism 
700 # # |a Khuc Chau Quang. 
700 # # |a Nguyen Anh Tuan. 
700 # # |a Trinh Thi Thanh Huyen. 
773 # # |t Hóa học  |g Số 4, 2016, tr. 515-519 
920 # # |a Phòng Tạp chí -- Trung tâm Thông tin - Thư viện Trường Đại học Đà Lạt 
994 # # |a DLU 
900 # # |a True 
911 # # |a Hoàng Thị Huyền 
925 # # |a G 
926 # # |a A 
927 # # |a BB 
980 # # |a Thư viện Trường Đại học Đà Lạt